| 000 -LEADER |
| fixed length control field |
00891nam a2200193Ia 4500 |
| 001 - CONTROL NUMBER |
| control field |
14032 |
| 003 - CONTROL NUMBER IDENTIFIER |
| control field |
GE_BSU |
| 008 - FIXED-LENGTH DATA ELEMENTS--GENERAL INFORMATION |
| fixed length control field |
181216s||||||||xx |||||||||||||| ||und|| |
| 040 ## - CATALOGING SOURCE |
| Transcribing agency |
GE_BSU |
| 080 ## - UNIVERSAL DECIMAL CLASSIFICATION NUMBER |
| Universal Decimal Classification number |
621.892 |
| 245 ## - TITLE STATEMENT |
| Title |
Присадки к смазочным маслам: вопросы синтеза, исследования и применения присадок к маслам,топливам и полимерным материалам. |
| 245 ## - TITLE STATEMENT |
| Statement of responsibility, etc. |
Ред. колл. А.М.Кулиев(отв. ред.) и др. |
| 260 ## - PUBLICATION, DISTRIBUTION, ETC. |
| Place of publication, distribution, etc. |
Баку. |
| 260 ## - PUBLICATION, DISTRIBUTION, ETC. |
| Name of publisher, distributor, etc. |
Наука. |
| 260 ## - PUBLICATION, DISTRIBUTION, ETC. |
| Date of publication, distribution, etc. |
1967. |
| 300 ## - PHYSICAL DESCRIPTION |
| Extent |
298стр. 22см. |
| 653 ## - INDEX TERM--UNCONTROLLED |
| Uncontrolled term |
Присадки к смазочным маслам: вопросы синтеза, исследования и применения присадок к маслам,топливам и полимерным материалам. |
| 942 ## - ADDED ENTRY ELEMENTS (KOHA) |
| Koha item type |
წიგნი |